| 000 | 00710 a2200253 4500 | ||
|---|---|---|---|
| 001 | 110886 | ||
| 020 | _a9781419712173 | ||
| 041 | _apor | ||
| 090 | _aYear 8 741 | ||
| 092 | _a2013955590 | ||
| 100 | _aBell, Cece. | ||
| 250 | _a. ed. | ||
| 300 | _a233 p. | ||
| 697 | _aWomen - Biography - Comic books, strips, etc. | ||
| 697 | _aCartoonists - Biography - Comic books, strips, etc. | ||
| 697 | _aBell, Cece - Comic books, strips, etc. | ||
| 697 | _aComic books, strips, etc. | ||
| 697 | _aDeaf children - Comic books, strips, etc. | ||
| 856 | _u00001b/00001bbf.jpg | ||
| 040 |
_aBR-BrIDEA _cBR-BrIDEA |
||
| 245 | 1 | 0 |
_aEl Deafo _c Cece Bell |
| 260 |
_a[S.l.] _bAmulet Books _c2014 |
||
| 942 | _cBK | ||
| 999 |
_c110886 _d110886 |
||